Broken glass (Record no. 123270)
[ view plain ]
| 000 -LEADER | |
|---|---|
| fixed length control field | 02473nam a2200469 a 4500 |
| 082 04 - DEWEY DECIMAL CLASSIFICATION NUMBER | |
| Classification number | 973.5/092 |
| -- | B |
| 100 1# - MAIN ENTRY--AUTHOR NAME | |
| Personal name | Belohlavek, John M. |
| 245 10 - TITLE STATEMENT | |
| Title | Broken glass |
| 260 ## - PUBLICATION, DISTRIBUTION, ETC. (IMPRINT) | |
| Place of publication | Kent, Ohio : |
| Name of publisher | Kent State University Press, |
| Year of publication | c2005. |
| 300 ## - PHYSICAL DESCRIPTION | |
| Number of Pages | xiv, 482 p. : |
| Other physical details | ill. |
| 490 1# - SERIES STATEMENT | |
| Series statement | Civil War in the North |
| 505 0# - FORMATTED CONTENTS NOTE | |
| Formatted contents note | The view from High Street, 1800-1826 -- Foreign adventures and congressional ventures, 1827-1834 -- Whig star rising : the politics of antislavery, 1835-1837 -- Battling the British Lion and the American Fox, 1837-1840 -- Tyler and the Corporal's Guard, 1841-1843 -- The road to China, 1843-1844 -- The warrior of Manifest Destiny, 1845-1848 -- The doughface Democrat, 1848-1853 -- The powerbroker : attorney general, 1853-1857 -- The most unpopular man in New England, 1857-1861 -- From Massachusetts exile to Washington insider, 1861-1869 -- The diplomat reemerges, 1869-1879. |
| 650 #0 - SUBJECT ADDED ENTRY--TOPICAL TERM | |
| Topical Term | Legislators |
| Topical Term | Politicians |
| Topical Term | Mexican War, 1846-1848 |
| Topical Term | Diplomats |
| Topical Term | Diplomats |
| Topical Term | Attorneys general |
| 856 40 - ELECTRONIC LOCATION AND ACCESS | |
| Uniform Resource Identifier | http://site.ebrary.com/lib/rucke/Doc?id=10456330 |
No items available.
